| 000 | 01593cam a22003134a 4500 | ||
|---|---|---|---|
| 001 | 13585165 | ||
| 003 | ARRUPE | ||
| 005 | 20211004120639.0 | ||
| 008 | 040507s2005 enk b 001 0beng | ||
| 010 | _a 2004010795 | ||
| 020 | _a019517433X (hardcover : alk. paper) | ||
| 040 |
_aDLC _cDLC _dDLC |
||
| 042 | _apcc | ||
| 050 | 0 | 0 |
_aB945.P584 _bS365 2004 |
| 082 | 0 | 0 |
_a192 _aB _222 |
| 100 | 1 |
_aScott, William T. _q(William Taussig), _d1916- _94709 |
|
| 245 | 1 | 0 |
_aMichael Polanyi : _bscientist and philosopher / _cWilliam Taussig Scott and Martin X. Moleski. |
| 260 |
_aOxford ; _aNew York : _bOxford University Press, _c2005. |
||
| 300 |
_axx, 364 p. ; _c25 cm. |
||
| 504 | _aIncludes bibliographical references (p. [297]-326 and index. | ||
| 505 | 0 | _aEarly years -- Coming of age in the Great War -- Karlsruhe -- The Fiber Institute -- Institute for Physical Chemistry -- Physical chemistry and economics -- The philosophy of freedom -- Personal knowledge -- Scholar at large : 1959-1976 -- Merton College, Oxford -- At the wheel of the world -- The last years -- Epilogue. | |
| 600 | 1 | 0 |
_aPolanyi, Michael, _d1891- _950242 |
| 700 | 1 |
_aMoleski, Martin X., _d1952- _94711 |
|
| 856 | 4 | 2 |
_3Publisher description _uhttp://www.loc.gov/catdir/enhancements/fy0636/2004010795-d.html |
| 856 | 4 | 2 |
_3Contributor biographical information _uhttp://www.loc.gov/catdir/enhancements/fy0723/2004010795-b.html |
| 906 |
_a7 _bcbc _corignew _d1 _eecip _f20 _gy-gencatlg |
||
| 942 |
_2lcc _cMONOGRAPH |
||
| 999 |
_c130661 _d130661 |
||